|
|
|
|
| LEADER |
00667nab a2200205 i 4500 |
| 001 |
acta8454 |
| 005 |
20251010153246.0 |
| 008 |
161015s2003 hu o 000 hun d |
| 022 |
|
|
|a 1785-7821
|
| 040 |
|
|
|a SZTE Egyetemi Kiadványok Repozitórium
|b hun
|
| 041 |
|
|
|a hun
|
| 100 |
1 |
|
|a Schaerkoezi Richárd
|
| 245 |
1 |
0 |
|a Semmi sem ciki
|h [elektronikus dokumentum] /
|c Schaerkoezi Richárd
|
| 260 |
|
|
|c 2003
|
| 300 |
|
|
|a 49-53
|
| 490 |
0 |
|
|a Különbség
|v 7 No. 11
|
| 650 |
|
4 |
|a Bölcsészettudományok
|
| 650 |
|
4 |
|a Filozófia, etika és vallástudományok
|
| 695 |
|
|
|a Filozófia
|
| 856 |
4 |
0 |
|u http://acta.bibl.u-szeged.hu/8454/1/kulonbseg_2003_011_049-053.pdf
|z Dokumentum-elérés
|